| 000 -LEADER |
| fixed length control field |
02247cam a22003258i 4500 |
| 001 - CONTROL NUMBER |
| control field |
22524857 |
| 005 - DATE AND TIME OF LATEST TRANSACTION |
| control field |
20221221095039.0 |
| 008 - FIXED-LENGTH DATA ELEMENTS--GENERAL INFORMATION |
| fixed length control field |
220426s2022 nyu 000 1 eng |
| 010 ## - LIBRARY OF CONGRESS CONTROL NUMBER |
| LC control number |
2022019745 |
| 020 ## - INTERNATIONAL STANDARD BOOK NUMBER |
| International Standard Book Number |
9781950994496 |
| Qualifying information |
(hardback) |
| 020 ## - INTERNATIONAL STANDARD BOOK NUMBER |
| Canceled/invalid ISBN |
9781950994502 |
| Qualifying information |
(epub) |
| 040 ## - CATALOGING SOURCE |
| Original cataloging agency |
DLC |
| Language of cataloging |
eng |
| Description conventions |
rda |
| Transcribing agency |
DLC |
| 042 ## - AUTHENTICATION CODE |
| Authentication code |
pcc |
| 050 00 - LIBRARY OF CONGRESS CALL NUMBER |
| Classification number |
PS3601.Z59 |
| Item number |
A84 2022 |
| 082 00 - DEWEY DECIMAL CLASSIFICATION NUMBER |
| Classification number |
813.6 |
| Author Mark |
AMN |
| 084 ## - OTHER CLASSIFICATION NUMBER |
| Classification number |
FIC043000 |
| -- |
FIC081000 |
| Number source |
bisacsh |
| 100 1# - MAIN ENTRY--PERSONAL NAME |
| Personal name |
Aziz Amna, Dur E, |
| Relator term |
author. |
| 9 (RLIN) |
105440 |
| 245 10 - TITLE STATEMENT |
| Title |
American fever : |
| Remainder of title |
a novel / |
| Statement of responsibility, etc. |
Dur e Aziz Amna. |
| 263 ## - PROJECTED PUBLICATION DATE |
| Projected publication date |
2208 |
| 264 #1 - PRODUCTION, PUBLICATION, DISTRIBUTION, MANUFACTURE, AND COPYRIGHT NOTICE |
| Place of production, publication, distribution, manufacture |
New York : |
| Name of producer, publisher, distributor, manufacturer |
Arcade Publishing, |
| Date of production, publication, distribution, manufacture, or copyright notice |
[2022] |
| 300 ## - PHYSICAL DESCRIPTION |
| Extent |
232 p. ; |
| 520 ## - SUMMARY, ETC. |
| Summary, etc. |
"For fans of Valeria Luiselli and Mohsin Hamid comes a fresh new perspective on coming-of-age as a Pakistani Muslim in rural America. "This is a fearless, exacting, essential work, and marks the debut of a thrilling new global voice."-Peter Ho Davies, author of The Welsh Girl. On a year-long exchange program in rural Oregon, sixteen-year-old Hira must swap Kashmiri chai for volleyball practice and understand why everyone around her seems to dislike Obama. A skeptically witty narrator, Hira finds herself stuck between worlds. The experience is memorable for reasons both good and bad; a first kiss, new friends, racism, Islamophobia, homesickness. Along the way Hira starts to feel increasingly unwell until she begins coughing up blood, and receives a diagnosis of tuberculosis, pushing her into quarantine and turning her newly established home away from home upside down. American Fever is a compelling and laugh-out-loud funny novel about adolescence, family, otherness, religion, the push-and-pull of home. It marks the entrance on the international literary scene of the brilliant fresh voice of Dur e Aziz Amna. "-- |
| Assigning source |
Provided by publisher. |
| 650 #7 - SUBJECT ADDED ENTRY--TOPICAL TERM |
| Topical term or geographic name entry element |
FICTION / Coming of Age |
| Source of heading or term |
bisacsh |
| 9 (RLIN) |
105441 |
| 650 #7 - SUBJECT ADDED ENTRY--TOPICAL TERM |
| Topical term or geographic name entry element |
FICTION / Muslim |
| Source of heading or term |
bisacsh |
| 9 (RLIN) |
105442 |
| 655 #7 - INDEX TERM--GENRE/FORM |
| Genre/form data or focus term |
Novels. |
| Source of term |
lcgft |
| 9 (RLIN) |
96108 |
| 776 08 - ADDITIONAL PHYSICAL FORM ENTRY |
| Relationship information |
Online version: |
| Main entry heading |
Aziz Amna, Dur E. |
| Title |
American fever |
| Place, publisher, and date of publication |
New York : Arcade Publishing, [2022] |
| International Standard Book Number |
9781950994502 |
| Record control number |
(DLC) 2022019746 |
| 906 ## - LOCAL DATA ELEMENT F, LDF (RLIN) |
| a |
7 |
| b |
cbc |
| c |
orignew |
| d |
1 |
| e |
ecip |
| f |
20 |
| g |
y-gencatlg |
| 942 ## - ADDED ENTRY ELEMENTS (KOHA) |
| Source of classification or shelving scheme |
|
| Koha item type |
Book |